| 000 | 00678nam a2200241Ia 4500 | ||
|---|---|---|---|
| 003 | OSt | ||
| 005 | 20220924121339.0 | ||
| 006 | a|||||r|||| 00| 0 | ||
| 007 | ta | ||
| 008 | 220923b |||||||| |||| 00| 0 tel d | ||
| 024 | _a45996 | ||
| 037 | _cTextual | ||
| 040 |
_aARTS _cARTS _btel |
||
| 041 |
_2tel _atel |
||
| 082 | _aO35,1MDl,1, 15K8 | ||
| 100 |
_aDiggajashekhara _9185435 |
||
| 245 | 0 | _aManu sambhav tr in Sanskrit by Kuntimaddi Seshasarma | |
| 260 |
_aHyderabad _bKamal P. India _c1968 |
||
| 300 |
_a142p. _ccm. |
||
| 650 | _aTELUGU LITERATURE | ||
| 942 |
_hO35,1MDl,1, 15K8 _cTEXL _2CC |
||
| 999 |
_c407043 _d407043 |
||